000 00539nam a2200193Ia 4500
999 _c15026
_d15026
003 OSt
005 20201110124942.0
008 190216s9999||||xx |||||||||||||| ||und||
020 _a8186804773
040 _coclc
082 _a428.1
_bRED/V
100 _aReddy, G S
_96390
245 0 _aVocabulary Builder :
_bCompound Words /
_cG S Reddy
250 _a1st Ed.
260 _bNeel Kamal Publications,
_c2003.
_aNew Delhi:
300 _a380p
650 _aEnglish
942 _cBK
_2ddc
_h428.1
_iRED/V
_k428.1
_mRED/V